000 00945nam a2200253 i 4500
003 OSt
005 20230719160649.0
008 170421q2022 ck a br | 00| j spa d
040 _bspa
_aCO-PeBPR
_erda
_cCO-PeBPR
041 _aspa
082 0 4 _a863.08
_bC744c 2022
245 0 0 _aXXVIII Concurso de cuento infantil ilustrado Comfamiliar Risaralda 2022
_cComfamiliar Risaralda
264 0 1 _aPereira
_bComfamiliar Risaralda
_c2022
300 _a28 páginas
_bilustraciones
336 _2rdacontent
_atxt
337 _2rdamedia
_an
338 _2rdacarrier
_anc
650 0 _aLiteratura Infantil
_921349
650 0 _aCuentos Infantiles
_vConcurso - Ganadore
_910648
650 0 _918749
_aImaginación en Niños
710 2 _950336
_aComfamiliar Risaralda
830 _954302
_aDepósito Legal - Sala de Patrimonio Bibliográfico y Documental de Risaralda
942 _2ddc
_h863.08 C744c 2022
_k863.08
_mC744c 2022
_cBK
999 _c16855
_d16855